<?xml version="1.0" encoding="UTF-8"?>
<record
    xmlns:xsi="http://www.w3.org/2001/XMLSchema-instance"
    xsi:schemaLocation="http://www.loc.gov/MARC21/slim http://www.loc.gov/standards/marcxml/schema/MARC21slim.xsd"
    xmlns="http://www.loc.gov/MARC21/slim">

  <leader>00690nam a22002177a 4500</leader>
  <controlfield tag="005">20170124110239.0</controlfield>
  <datafield tag="010" ind1=" " ind2=" ">
    <subfield code="a">B-276979</subfield>
  </datafield>
  <datafield tag="020" ind1=" " ind2=" ">
    <subfield code="c">699.00</subfield>
    <subfield code="a">9788178531380</subfield>
  </datafield>
  <datafield tag="035" ind1=" " ind2=" ">
    <subfield code="a">B-276979</subfield>
  </datafield>
  <datafield tag="037" ind1=" " ind2=" ">
    <subfield code="b">Cen Lib/Ret</subfield>
  </datafield>
  <datafield tag="040" ind1=" " ind2=" ">
    <subfield code="a">DPL</subfield>
    <subfield code="b">EN</subfield>
  </datafield>
  <datafield tag="082" ind1=" " ind2=" ">
    <subfield code="a">006</subfield>
    <subfield code="b">ESP</subfield>
  </datafield>
  <datafield tag="100" ind1=" " ind2=" ">
    <subfield code="a">Esposito, Dino</subfield>
    <subfield code="9">94160</subfield>
  </datafield>
  <datafield tag="245" ind1=" " ind2=" ">
    <subfield code="a">Programming Microsoft ASP.NET 3.5 /</subfield>
    <subfield code="c">by Dino Esposito</subfield>
  </datafield>
  <datafield tag="260" ind1=" " ind2=" ">
    <subfield code="a">Bangalore</subfield>
    <subfield code="b">WP Publishers </subfield>
    <subfield code="c">2008</subfield>
  </datafield>
  <datafield tag="270" ind1=" " ind2=" ">
    <subfield code="b">Bangalore</subfield>
    <subfield code="a">109, 2nd cross, Kasturi Nagar, East of NGEF, Off Outer Ring Road</subfield>
    <subfield code="e">560 043</subfield>
  </datafield>
  <datafield tag="300" ind1=" " ind2=" ">
    <subfield code="a">xxiv,1126p.</subfield>
    <subfield code="c">25cm(pbk)</subfield>
  </datafield>
  <datafield tag="650" ind1=" " ind2=" ">
    <subfield code="a">Active server pages.</subfield>
    <subfield code="9">94161</subfield>
  </datafield>
  <datafield tag="650" ind1=" " ind2=" ">
    <subfield code="a">Web site development</subfield>
    <subfield code="9">94162</subfield>
  </datafield>
  <datafield tag="942" ind1=" " ind2=" ">
    <subfield code="2">ddc</subfield>
    <subfield code="c">EN</subfield>
    <subfield code="h">006</subfield>
    <subfield code="m">ESP</subfield>
  </datafield>
  <datafield tag="999" ind1=" " ind2=" ">
    <subfield code="c">135078</subfield>
    <subfield code="d">135078</subfield>
  </datafield>
  <datafield tag="952" ind1=" " ind2=" ">
    <subfield code="0">4</subfield>
    <subfield code="1">0</subfield>
    <subfield code="4">0</subfield>
    <subfield code="7">0</subfield>
    <subfield code="a">L</subfield>
    <subfield code="b">L</subfield>
    <subfield code="d">2015-09-30</subfield>
    <subfield code="e">Cen Lib/Ret</subfield>
    <subfield code="g">699.00</subfield>
    <subfield code="l">0</subfield>
    <subfield code="o">006 ESP</subfield>
    <subfield code="p">B-276979</subfield>
    <subfield code="r">2015-09-30 00:00:00</subfield>
    <subfield code="t">1</subfield>
    <subfield code="v">699.00</subfield>
    <subfield code="w">2015-09-30</subfield>
    <subfield code="y">EN</subfield>
    <subfield code="z">Written off on approval by DLB (By Circulation); dtd 15-06-2023</subfield>
  </datafield>
</record>
